Orquesta Sinfónica Nacional /

Guardado en:
Autor Corporativo: Secretaría de Cultura de la Nación.
Formato: Deslizar
Series:DNI
Materias:
Etiquetas: Agregar Etiqueta
Sin Etiquetas, Sea el primero en etiquetar este registro!
LEADER 00856ngm a22002295g 4500
001 CEM.cems022476
008 130507b2000##################0###0#####d
005 20241104174144.0
245 1 0 |a Orquesta Sinfónica Nacional /  |c Secretaría de Cultura de la Nación. 
300 |a 23'. 
490 0 |a DNI 
500 |a En soporte VHS, consultar en ventanilla. 
505 0 |a La orquesta sinfónica nacional. El ensayo. Preparación de una obra. Sus integrantes. El director. El concierto. 
538 |a Soporte: VHS - Norma: Pal N - Color: Si - Grabación DRD 2000 - Hitachi=2505. 
110 2 |a Secretaría de Cultura de la Nación. 
082 7 8 |/ DNI 
653 |a MUSICA 
653 |a ORQUESTA SINFONICA 
653 |a CONCIERTO 
653 |a NIVEL PRIMARIO 
653 |a NIVEL SECUNDARIO 
859 |a CEMS  |b BIB. CEMS - Depto. Recursos Didacticos  |h 782  |i DNI  |k DRD  |p 1119.12  |t Ej.1